El tiempo en las ciencias.

Guardat en:
Dades bibliogràfiques
Autor principal: Vial Larraín, Juan de Dios (autor)
Altres autors: Gómez Millas, Juan (autor), Saavedra, Igor (autor), Mardones Restat, Jorge (autor), Quintana Bravo, Fernando (autor), Krebs Wilckens, Ricardo (autor), Gyarmati, Gabriel (autor), Corbo, Vittorio (autor)
Format: Llibre
Publicat: Santiago, Chile: Universitaria, 1981.
Col·lecció:Problemas Fundamentales del Hombre
Matèries:
Etiquetes: Afegir etiqueta
Sense etiquetes, Sigues el primer a etiquetar aquest registre!

MARC

LEADER 00000nam a2200000 a 4500
001 UCV6721
003 CL-VaPUC
005 20250204124404.0
008 230126t1981 ||||| |||| 00| 0 eng d
999 |c 212624  |d 212622 
040 |c Pontificia Universidad Católica de Valparaíso 
082 0 4 |a 115 VIA 1981  |2 21 
100 0 |a Vial Larraín, Juan de Dios  |e autor  |9 300771 
245 1 3 |a El tiempo en las ciencias. 
260 |a Santiago, Chile:  |b Universitaria,  |c 1981. 
300 |a 216 páginas. 
490 0 |a Problemas Fundamentales del Hombre 
500 |a Donación Padres Capuchinos c.11 Donación Rectoria Diciembre 2022. 
583 |a last modification  |c 19880908 00:00:00  |k Rodrigo Vera 
650 0 |a Tiempo (Filosofía)  |9 263667 
700 0 |a Gómez Millas, Juan  |e autor  |9 300772 
700 0 |a Saavedra, Igor  |e autor  |9 300773 
700 |a Mardones Restat, Jorge  |e autor  |9 387605 
700 |a Quintana Bravo, Fernando  |e autor  |9 587084 
700 |a Krebs Wilckens, Ricardo  |e autor  |9 588021 
700 |a Gyarmati, Gabriel  |e autor  |9 460179 
700 |a Corbo, Vittorio  |e autor  |9 571707 
942 |c BK  |2 ddc 
945 |d 19880908 00:00:00 
952 |0 0  |1 0  |2 ddc  |4 0  |6 115_000000000000000_VIA_1981  |7 0  |8 A  |9 193770  |a BIBING  |b BIBING  |d 2019-11-14  |i 2619318  |o 115 VIA 1981  |p 2619318  |r 2025-01-20  |w 2019-11-14  |y BK  |k EII 
952 |0 0  |1 0  |4 0  |6 115_000000000000000_VIA_1981  |7 0  |8 A  |9 193771  |a BIBEDU  |b BIBEDU  |d 2019-11-14  |i 1566059  |o 115 VIA 1981  |p 1566059  |r 2019-11-14  |w 2019-11-14  |y BK  |k FIL 
952 |0 0  |1 0  |4 0  |6 115_000000000000000_VIA_1981  |7 0  |8 A  |9 193772  |a BIBEDU  |b BIBEDU  |d 2019-11-14  |i 1566067  |o 115 VIA 1981  |p 1566067  |r 2019-11-14  |w 2019-11-14  |y BK  |k FIL 
952 |0 0  |1 0  |4 0  |6 115_000000000000000_VIA_1981  |7 0  |8 A  |9 193773  |a BIBEDU  |b BIBEDU  |d 2019-11-14  |i 1566075  |o 115 VIA 1981  |p 1566075  |r 2019-11-14  |w 2019-11-14  |y BK  |k FIL 
952 |0 0  |1 0  |2 ddc  |4 0  |6 115_000000000000000_VIA_1981  |7 0  |8 P  |9 193774  |a BIBARQ  |b BIBARQ  |d 2019-11-14  |i 3223272  |o 115 VIA 1981  |p 3223272  |r 2025-01-20  |w 2019-11-14  |y BK  |k ARQ 
952 |0 0  |1 0  |4 0  |6 115_000000000000000_VIA_1981  |7 0  |8 A  |9 193775  |a BIBEDU  |b BIBEDU  |d 2019-11-14  |i 3227367  |o 115 VIA 1981  |p 3227367  |r 2019-11-14  |w 2019-11-14  |y BK  |k EDU 
952 |0 0  |1 0  |4 0  |6 115_000000000000000_VIA_1981  |7 0  |8 R  |9 193777  |a BIBHIS  |b BIBHIS  |d 2019-11-14  |i 133123K  |o 115 VIA 1981  |p 133123K  |r 2024-01-30  |w 2019-11-14  |y BK_R  |k HIS 
952 |0 0  |1 0  |4 0  |6 115_000000000000000_VIA_1981  |7 0  |8 R  |9 193778  |a BIBHIS  |b BIBHIS  |d 2019-11-14  |i 1331248  |o 115 VIA 1981  |p 1331248  |r 2024-01-30  |w 2019-11-14  |y BK_R  |k HIS 
952 |0 0  |1 0  |4 0  |6 115_000000000000000_VIA_1981  |7 0  |8 X  |9 193779  |a FDOBUD  |b FDOBUD  |d 2019-11-14  |i 4402308  |o 115 VIA 1981  |p 4402308  |r 2019-11-14  |w 2019-11-14  |y BK_X  |k BUD 
952 |0 0  |1 0  |2 ddc  |4 0  |6 115_000000000000000_VIA_1981  |7 0  |8 A  |9 588761  |a BIBCUR  |b BIBCUR  |c GEN  |d 2023-01-26  |e Donación  |i 5656528  |o 115 VIA 1981  |p 5656528  |r 2025-04-22  |t 11  |w 2023-01-26  |y BK  |k FIS